| 000 | 00575cam a2200193 a 4500 | ||
|---|---|---|---|
| 020 | _a2738427618 | ||
| 040 | _cNIC | ||
| 041 | 1 | _hkhm | |
| 082 | 0 | 0 | _a342 HAR 1994 A014 Or. |
| 100 | 1 | _aGaillard, Maurice. | |
| 245 | 1 | 0 |
_aDémocratie cambodgienne : _bla constitution du 24 septembre 1993 / |
| 260 |
_aParis : _bHarmattan, _cc1994. |
||
| 300 |
_a186 p. ; _c22 cm. |
||
| 490 | 1 | _aCollection Points sur l'Asie | |
| 500 | _aIncludes the text of the 1993 Constitution in non-official French translation. | ||
| 650 | 0 | _aConstitutional law | |
| 710 | 1 | 2 | _aCambodia. |
| 942 | _cFB | ||
| 999 |
_c13033 _d13033 |
||